| 000 | 00334nam a2200133Ia 4500 | ||
|---|---|---|---|
| 008 | 150301s2010 xx 000 0 und d | ||
| 082 |
_a301 _bS10N |
||
| 100 | _aNEERAJA, KP | ||
| 245 | _aTB OF SOIOLOGY FOR NURSING STUDENT | ||
| 260 |
_bJAYPEE MEDICAL PUB. _aDELHI _c2010 |
||
| 300 | _a605 | ||
| 650 | _aSOCIOLOGY | ||
| 942 |
_2ddc _cBK _047 |
||
| 999 |
_c6770 _d6770 |
||